[Event "IND-chT 35th"]
[Site "Goa"]
[Date "2015.02.23"]
[Round "6"]
[White "Abhilash, Reddy A"]
[Black "Satyapragyan, Swayangsu"]
[Result "1/2-1/2"]
[WhiteElo "2235"]
[BlackElo "2409"]
[PlyCount "49"]
[EventDate "2015.02.20"]
[EventType "team-swiss"]
[EventRounds "9"]
[EventCountry "IND"]
[SourceTitle "CBM 165 Extra"]
[Source "ChessBase"]
[SourceDate "2015.04.21"]
[SourceVersion "1"]
[SourceVersionDate "2015.04.21"]
[SourceQuality "1"]
[WhiteTeam "The Empty Reloaded"]
[BlackTeam "Air India"]
[WhiteTeamCountry "IND"]
[BlackTeamCountry "IND"]

1. d4 e6 2. Nf3 Nf6 3. Bg5 h6 4. Bxf6 Qxf6 5. e4 d6 6. Nc3 Nd7 7. Qd2 a6 8. a4 g6 9. Bc4 Bg7 10. 0-0 0-0 11. Rfe1 Qe7 12. Qe3 b6 13. Ne2 Bb7 14. c3 c5 15. Ng3 Nf6 16. dxc5 bxc5 17. Qe2 Qc7 18. e5 Bxf3 19. gxf3 Nd5 20. exd6 Qxd6 21. Rad1 Qc6 22. Qe4 Rfe8 23. f4 Rad8 24. Qf3 Qxa4 25. Bxd5 1/2-1/2

[Event "IND-ch U20"]
[Site "Chennai"]
[Date "2009.09.25"]
[Round "8"]
[White "Nitin, Senthilvel"]
[Black "Abhilash, Reddy A"]
[Result "1-0"]
[WhiteElo "2365"]
[BlackElo "2149"]
[PlyCount "69"]
[EventDate "2009.09.20"]
[EventType "swiss"]
[EventRounds "11"]
[EventCountry "IND"]
[SourceTitle "CBM 132 Extra"]
[Source "ChessBase"]
[SourceDate "2009.11.03"]
[SourceVersion "1"]
[SourceVersionDate "2009.11.03"]
[SourceQuality "1"]

1. e4 c5 2. Nc3 d6 3. Nge2 a6 4. d4 cxd4 5. Nxd4 Nf6 6. Bc4 e6 7. Bb3 b5 8. Qf3 Qc7 9. Bg5 Be7 10. e5 Bb7 11. exd6 Bxd6 12. Qe3 Bc5 13. 0-0-0 Nc6 14. Qxe6+ fxe6 15. Nxe6 Qe7 16. Rhe1 Qxe6 17. Rxe6+ Ne7 18. f3 Rd8 19. Rde1 Rf8 20. a4 b4 21. Na2 Kd7 22. Kb1 h6 23. Bh4 Ng6 24. Bg3 Ne7 25. Nc1 Ned5 26. Nd3 Rc8 27. a5 Be7 28. Nf4 Bc5 29. Nd3 Be7 30. Ba4+ Kd8 31. Nf4 Bc5 32. Rxf6 Nxf6 33. Ne6+ Ke7 34. Nxc5+ Kf7 35. Nxb7 1-0

[Event "IND-ch U20"]
[Site "Chennai"]
[Date "2009.09.21"]
[Round "2"]
[White "Swapnil, S Dhopade"]
[Black "Abhilash, Reddy A"]
[Result "1-0"]
[WhiteElo "2407"]
[BlackElo "2149"]
[PlyCount "133"]
[EventDate "2009.09.20"]
[EventType "swiss"]
[EventRounds "11"]
[EventCountry "IND"]
[SourceTitle "CBM 132 Extra"]
[Source "ChessBase"]
[SourceDate "2009.11.03"]
[SourceVersion "1"]
[SourceVersionDate "2009.11.03"]
[SourceQuality "1"]

1. d4 d5 2. c4 c6 3. Nf3 Nf6 4. e3 Bf5 5. Nc3 e6 6. Nh4 Bg4 7. Qb3 b6 8. h3 Bh5 9. g4 Ne4 10. Nxe4 Qxh4 11. gxh5 dxe4 12. Bg2 Na6 13. Bd2 Nc7 14. Qa4 Kd7 15. Rc1 Bd6 16. d5 f5 17. Qxc6+ Ke7 18. dxe6 Nxe6 19. Qb7+ Kf6 20. Bc3+ Be5 21. Bxe5+ Kxe5 22. 0-0 Rhb8 23. f4+ Kf6 24. Qd5 g6 25. Qe5+ Ke7 26. hxg6 hxg6 27. Kh2 Qh8 28. Qxh8 Rxh8 29. Rfd1 Rad8 30. Bf1 a5 31. Kg3 Rhg8 32. h4 Nc5 33. Be2 Na4 34. b3 Rxd1 35. Bxd1 Nc5 36. Be2 Rd8 37. Rc2 Kf6 38. Kf2 Ke6 39. Rb2 Rh8 40. Kg3 Kd6 41. Rd2+ Kc6 42. Rd5 b5 43. h5 bxc4 44. Bxc4 Rxh5 45. Rd8 g5 46. fxg5 Rxg5+ 47. Kf4 Rh5 48. Rf8 Rh3 49. Rf6+ Kc7 50. Rxf5 Kd6 51. Rf6+ Kc7 52. Rg6 Rh2 53. Bd5 Rf2+ 54. Ke5 Nd7+ 55. Kxe4 Rxa2 56. Rc6+ Kd8 57. Be6 Nf8 58. Bc4 Nd7 59. Bb5 Rd2 60. Rc4 Nf6+ 61. Ke5 Nd5 62. Rd4 Rxd4 63. Kxd4 Nb4 64. Kc5 Ke7 65. Bc4 Kd7 66. e4 Kc7 67. Bb5 1-0